000 00256 a2200097 4500
001 54969
100 _aAdvani, Suresh G.
245 _aProcess modelling in composites manufacturing
260 _aNY
_bMarcel Dekker, NY
_c2003
090 _c34060
_d34060
942 _aNUST-CAE
_cMONOGRAPH
_c26737
999 _c290042
_d290042